000 00981cam a2200301 a 4500
001 59067
003 CO-BoRNBP
005 20250904201211.0
007 ta
008 910422s1988 us r 00010 spa d
020 _a9213540337
040 _ala
_cla
041 0 _aspa
082 0 4 _a323.4
_bN12d2
_219 ed.
110 2 _aOrganización de la Naciones Unidas.
_bCentro de Derechos Humanos.
_964724
245 1 0 _aDerechos humanos :
_brecopilación de instrumentos internacionales /
_cNaciones Unidas. Centro de Derechos Humanos.
250 _a1a. edición
300 _ax, 418 p ;
_c21 cm.
336 _2rdacontent
_atexto
_btxt
337 _2rdamedia
_asin mediación
_bn
338 _2rdacarrier
_avolumen
_bnc
650 7 _aDerechos civiles.
_2BLAAUTO
650 7 _aDiscriminación racial
_x Prevención.
_2BLAAUTO
_964725
650 7 _aDerechos de la mujer.
_2BLAAUTO
_9405
830 0 _aNina S. de Friedemann-Colección
_942591
942 _2ddc
_cBK
949 _an
_bn
999 _c59067
_d59067